[Event "Foment Martinenc op-A 23rd"]
[Site "Barcelona"]
[Date "2023.06.10"]
[Round "8"]
[White "Ruiz Soria, Adria"]
[Black "Prada Villagrasa, Adria"]
[Result "1-0"]
[WhiteElo "1909"]
[BlackElo "1744"]
[PlyCount "67"]
[EventDate "2023.04.22"]
[EventType "swiss"]
[EventRounds "9"]
[EventCountry "ESP"]
[SourceTitle "EXT 2024"]
[Source "ChessBase"]
[SourceDate "2023.10.10"]
[SourceVersion "1"]
[SourceVersionDate "2023.10.10"]
[SourceQuality "1"]

1. d4 d5 2. c4 e6 3. Nc3 Nf6 4. cxd5 exd5 5. Bg5 c6 6. e3 h6 7. Bh4 Be7 8. Bd3 0-0 9. Qc2 a5 10. Nge2 Na6 11. a3 Nc7 12. 0-0 Re8 13. f3 c5 14. Rad1 b6 15. Bf2 Ne6 16. dxc5 bxc5 17. Bb5 Rf8 18. Bc6 Rb8 19. Nxd5 Nxd5 20. Bxd5 Qb6 21. Rd2 Rd8 22. Rfd1 Bf6 23. Nc3 Bb7 24. Na4 Qb5 25. Bxe6 Rxd2 26. Bxf7+ Kxf7 27. Rxd2 Ba6 28. h3 Qf1+ 29. Kh2 Bc4 30. Nc3 Be6 31. Bg3 Rb3 32. Rd6 Bxc3 33. Rxe6 Rxb2 34. Qg6+ 1-0

[Event "Foment Martinenc op-A 23rd"]
[Site "Barcelona"]
[Date "2023.05.27"]
[Round "6"]
[White "Riu Lopez, Sergio"]
[Black "Prada Villagrasa, Adria"]
[Result "1-0"]
[WhiteElo "1950"]
[BlackElo "1744"]
[PlyCount "95"]
[EventDate "2023.04.22"]
[EventType "swiss"]
[EventRounds "9"]
[EventCountry "ESP"]
[SourceTitle "EXT 2024"]
[Source "ChessBase"]
[SourceDate "2023.10.10"]
[SourceVersion "1"]
[SourceVersionDate "2023.10.10"]
[SourceQuality "1"]

1. e4 e6 2. c3 d5 3. e5 c5 4. d4 Nc6 5. Nf3 Nge7 6. Bd3 cxd4 7. cxd4 Nf5 8. Bxf5 exf5 9. 0-0 Be7 10. Nc3 Be6 11. Qa4 g5 12. a3 g4 13. Ne1 h5 14. b4 a6 15. Ne2 b5 16. Qb3 h4 17. Bf4 Bg5 18. Qe3 Rh5 19. Rc1 Rc8 20. Nd3 Be7 21. Rc3 Na7 22. Rfc1 Rxc3 23. Rxc3 Nc8 24. Nc5 Bxc5 25. dxc5 Qc7 26. c6 Nb6 27. Nd4 Nc4 28. Nxe6 fxe6 29. Qc5 Rh7 30. h3 gxh3 31. Rxh3 Qb6 32. Qxb6 Nxb6 33. Bg5 Rc7 34. Rc3 Nc4 35. Bxh4 Nxe5 36. Bg3 Rxc6 37. Bxe5 Rxc3 38. Bxc3 Kf7 39. Kh2 Kg6 40. Kg3 Kg5 41. Kf3 f4 42. Be5 Kf5 43. Bxf4 Kf6 44. Bb8 Kf5 45. g4+ Kg5 46. Be5 Kg6 47. Kf4 Kh6 48. g5+ 1-0

[Event "Foment Martinenc op-A 23rd"]
[Site "Barcelona"]
[Date "2023.05.20"]
[Round "5"]
[White "Prada Villagrasa, Adria"]
[Black "Romeu Viladot, Emili"]
[Result "1-0"]
[WhiteElo "1744"]
[BlackElo "1930"]
[PlyCount "96"]
[EventDate "2023.04.22"]
[EventType "swiss"]
[EventRounds "9"]
[EventCountry "ESP"]
[SourceTitle "EXT 2024"]
[Source "ChessBase"]
[SourceDate "2023.10.10"]
[SourceVersion "1"]
[SourceVersionDate "2023.10.10"]
[SourceQuality "1"]

1. e4 e5 2. Nf3 Nc6 3. Bc4 Bc5 4. c3 Nf6 5. d3 d6 6. Nbd2 0-0 7. Nf1 a6 8. Bb3 b5 9. Ng3 h6 10. 0-0 Ba7 11. Be3 Bxe3 12. fxe3 Na5 13. Bc2 c5 14. Qd2 Be6 15. a4 Qc7 16. d4 Nc4 17. Qc1 Ng4 18. d5 Bd7 19. Re1 Nb6 20. h3 Nf6 21. b3 bxa4 22. bxa4 a5 23. Bd1 c4 24. Re2 Nh7 25. Rd2 Qc5 26. Rb2 f5 27. Nxf5 Bxf5 28. Rb5 Qc7 29. exf5 Nf6 30. Qd2 Nbd7 31. Bc2 Nc5 32. Qe2 Nce4 33. Bxe4 Nxe4 34. Qc2 Nc5 35. Nd2 Nd3 36. g4 Rac8 37. Ne4 g6 38. Rab1 Rb8 39. f6 Qa7 40. Qe2 Nf4 41. Qf3 Nxd5 42. f7+ Kg7 43. Nc5 dxc5 44. Qxd5 Rxb5 45. Rxb5 Rxf7 46. Qxe5+ Kh7 47. Rb8 Rg7 48. Qe8 g5 1-0

[Event "Foment Martinenc op-A 23rd"]
[Site "Barcelona"]
[Date "2023.05.06"]
[Round "3"]
[White "Prada Villagrasa, Adria"]
[Black "Camps Abadia, Arnau"]
[Result "1-0"]
[WhiteElo "1744"]
[BlackElo "1901"]
[PlyCount "75"]
[EventDate "2023.04.22"]
[EventType "swiss"]
[EventRounds "9"]
[EventCountry "ESP"]
[SourceTitle "EXT 2024"]
[Source "ChessBase"]
[SourceDate "2023.10.10"]
[SourceVersion "1"]
[SourceVersionDate "2023.10.10"]
[SourceQuality "1"]

1. d4 e6 2. Nf3 f5 3. c4 Nf6 4. Nc3 Bb4 5. Bg5 h6 6. Bxf6 Qxf6 7. e3 Bxc3+ 8. bxc3 b6 9. Ne5 0-0 10. Qf3 c6 11. g3 d6 12. Nd3 e5 13. Qe2 Ba6 14. Nb4 Bb7 15. Bg2 f4 16. exf4 exd4 17. cxd4 Na6 18. Nc2 Rae8 19. Ne3 Qxd4 20. 0-0 Nc5 21. Rad1 Qf6 22. Qd2 Rd8 23. Rfe1 a6 24. h3 b5 25. Kh2 Qf7 26. Qc2 Qc7 27. Nf5 Rf7 28. Rd2 bxc4 29. Rde2 Kf8 30. Nxd6 Qxd6 31. Qh7 Rfd7 32. Re8+ Rxe8 33. Qh8+ Kf7 34. Qxe8+ Kf6 35. f5 Kxf5 36. Bf3 Kf6 37. Bh5 Kg5 38. f4+ 1-0

[Event "Roncana op-A 14th"]
[Site "Santa Eulalia de Roncana"]
[Date "2022.11.12"]
[Round "5"]
[White "Prada Villagrasa, Adria"]
[Black "Gonzalez Cobos, Arnau"]
[Result "0-1"]
[WhiteElo "1660"]
[BlackElo "1929"]
[PlyCount "104"]
[EventDate "2022.10.08"]
[EventType "swiss"]
[EventRounds "8"]
[EventCountry "ESP"]
[SourceTitle "EXT 2024"]
[Source "ChessBase"]
[SourceDate "2023.10.10"]
[SourceVersion "1"]
[SourceVersionDate "2023.10.10"]
[SourceQuality "1"]

1. e4 c5 2. Nf3 e6 3. d4 cxd4 4. Nxd4 Nf6 5. Nc3 Nc6 6. Ndb5 Bb4 7. a3 Bxc3+ 8. Nxc3 d5 9. exd5 exd5 10. Bd3 d4 11. Ne2 Bg4 12. 0-0 0-0 13. f3 Bh5 14. Bb5 Qb6 15. Bd3 Bg6 16. Nf4 Bxd3 17. Nxd3 Rfe8 18. Re1 Nd5 19. Qd2 Ne3 20. Qf2 Na5 21. Re2 Rac8 22. b3 Re7 23. Bb2 Rce8 24. Rae1 Nc6 25. Qg3 a5 26. Kh1 f6 27. Qf2 f5 28. h3 Qd8 29. Bc1 Qb6 30. Bb2 Nb8 31. Bc1 Nc6 32. Bb2 h6 33. Qh4 Kh7 34. f4 Qc7 35. Qf2 Qd6 36. Bc1 Nd5 37. Rxe7 Rxe7 38. Rxe7 Qxe7 39. Bb2 Ne3 40. Ne5 Qd6 41. Nxc6 bxc6 42. Bc1 Qc5 43. Bxe3 dxe3 44. Qe2 Qd4 45. Kg1 Qxf4 46. c3 Qe4 47. b4 axb4 48. axb4 Kg6 49. Kh2 Qe5+ 50. g3 Qxc3 51. Kg2 Qxb4 52. Qxe3 Qe4+ 0-1

[Event "Catalunya-ch U18/20"]
[Site "Salou"]
[Date "2021.03.31"]
[Round "7"]
[White "Prada Villagrasa, Adria"]
[Black "Domene Mulyukov, Alexander"]
[Result "0-1"]
[WhiteElo "1360"]
[BlackElo "2023"]
[PlyCount "112"]
[EventDate "2021.03.27"]
[EventType "swiss"]
[EventRounds "9"]
[EventCountry "ESP"]
[SourceTitle "CBM 202 Extra"]
[Source "ChessBase"]
[SourceDate "2021.07.31"]
[SourceVersion "1"]
[SourceVersionDate "2021.07.31"]
[SourceQuality "1"]

1. d4 Nf6 2. c4 g6 3. Nc3 Bg7 4. e4 d6 5. Nf3 0-0 6. Be2 e5 7. 0-0 Nc6 8. d5 Ne7 9. Ne1 Nd7 10. Nd3 f5 11. f3 Rf7 12. b4 f4 13. a4 g5 14. a5 Ng6 15. c5 Nf6 16. Kh1 Nh5 17. Bd2 Qf6 18. Be1 Nh4 19. g4 fxg3 20. hxg3 Bh3 21. gxh4 Bxf1 22. Bxf1 gxh4 23. Ra2 Ng3+ 24. Bxg3 hxg3 25. Bh3 Bh6 26. Kg2 Kh8 27. Bf5 Rg7 28. Qh1 Rf8 29. Qh3 Qg5 30. Re2 Rf6 31. Qg4 Kg8 32. Qxg5 Bxg5 33. cxd6 cxd6 34. Rc2 Rc7 35. Kxg3 Be3 36. Ne1 Rg7+ 37. Bg4 h5 38. Nd1 Bf4+ 39. Kf2 hxg4 40. fxg4 Rxg4 41. Rc8+ Kh7 42. Rc7+ Rg7 43. Rxg7+ Kxg7 44. Nf3 Bd2 45. b5 Bxa5 46. Ne3 Bb6 47. Ke2 Bxe3 48. Kxe3 Rxf3+ 49. Kxf3 Kf6 50. Ke3 Kg5 51. Kf3 Kh4 52. Kf2 Kg4 53. Ke3 Kg3 54. Ke2 Kf4 55. Kd3 Kf3 56. b6 a6 0-1

[Event "Roncana op-C 12th"]
[Site "Santa Eulalia de Roncana"]
[Date "2018.11.03"]
[Round "5"]
[White "Prada Villagrasa, Adria"]
[Black "Lamrani Laarous, Anas"]
[Result "1-0"]
[WhiteElo "1183"]
[BlackElo "1346"]
[PlyCount "56"]
[EventDate "2018.09.29"]
[EventType "swiss"]
[EventRounds "8"]
[EventCountry "ESP"]
[SourceTitle "EXT 2022"]
[Source "ChessBase"]
[SourceDate "2021.10.06"]
[SourceVersion "1"]
[SourceVersionDate "2021.10.06"]
[SourceQuality "1"]

1. d4 d5 2. Nf3 Nc6 3. e3 Nf6 4. Bd3 Bg4 5. Nbd2 e6 6. b3 Bb4 7. a3 Bd6 8. Bb2 Bf5 9. Bxf5 exf5 10. Ne5 Nxe5 11. dxe5 0-0 12. exf6 gxf6 13. 0-0 Re8 14. Qf3 Qd7 15. Bxf6 Re6 16. Bb2 Rh6 17. h3 Re8 18. Kh1 Kf8 19. Qxd5 c6 20. Qd4 Rg6 21. Nc4 Qc7 22. Nxd6 Qxd6 23. Qxd6+ Rxd6 24. a4 a5 25. Ba3 Red8 26. Rad1 Ke7 27. Rxd6 Rxd6 28. Bxd6+ Kxd6 1-0

[Event "Roncana op-C 12th"]
[Site "Santa Eulalia de Roncana"]
[Date "2018.10.27"]
[Round "4"]
[White "Polo Sanchez, Adrian"]
[Black "Prada Villagrasa, Adria"]
[Result "1-0"]
[WhiteElo "1011"]
[BlackElo "1183"]
[PlyCount "81"]
[EventDate "2018.09.29"]
[EventType "swiss"]
[EventRounds "8"]
[EventCountry "ESP"]
[SourceTitle "EXT 2020"]
[Source "ChessBase"]
[SourceDate "2019.10.17"]
[SourceVersion "1"]
[SourceVersionDate "2019.10.17"]
[SourceQuality "1"]

1. e4 e6 2. d4 d5 3. exd5 exd5 4. Bd3 Bd6 5. Ne2 Nc6 6. Nbc3 Nge7 7. Be3 Be6 8. Qd2 Qd7 9. f3 Bf5 10. Nf4 Bxf4 11. Bxf5 Nxf5 12. Bxf4 Nfxd4 13. 0-0-0 0-0-0 14. Be3 Nf5 15. Bf2 Nfe7 16. Rhe1 Kb8 17. Nb5 a6 18. Nd4 Rhg8 19. Qe3 Rde8 20. Nxc6+ Nxc6 21. Qc5 Rxe1 22. Rxe1 b6 23. Qe3 Qd6 24. Bg3 Qf6 25. Qxb6+ Ka8 26. Bxc7 Qh6+ 27. Kb1 Na7 28. Qc5 Qd2 29. Ba5 Qxg2 30. Qxd5+ Kb8 31. Qxf7 Rc8 32. Qf4+ Ka8 33. a3 Qxc2+ 34. Ka1 Rb8 35. Bc3 Nb5 36. Rc1 Qb3 37. Qe4+ Rb7 38. Bxg7 Nxa3 39. Rc8+ Ka7 40. Bd4+ Rb6 41. Qe7# 1-0

[Event "Roncana op-C 12th"]
[Site "Santa Eulalia de Roncana"]
[Date "2018.10.06"]
[Round "2"]
[White "Abelenda Nunez, Biel"]
[Black "Prada Villagrasa, Adria"]
[Result "0-1"]
[WhiteElo "1389"]
[BlackElo "1183"]
[PlyCount "62"]
[EventDate "2018.09.29"]
[EventType "swiss"]
[EventRounds "8"]
[EventCountry "ESP"]
[SourceTitle "EXT 2020"]
[Source "ChessBase"]
[SourceDate "2019.10.17"]
[SourceVersion "1"]
[SourceVersionDate "2019.10.17"]
[SourceQuality "1"]

1. c4 e5 2. g3 Nf6 3. Bg2 d5 4. b3 Bc5 5. Nc3 dxc4 6. bxc4 Qd4 7. e3 Qxc4 8. Nf3 Bg4 9. Bf1 Qe6 10. Bg2 e4 11. Ng5 Qf5 12. Bxe4 Nxe4 13. Qa4+ c6 14. Ngxe4 b5 15. Qd4 Bxd4 16. Nd6+ Ke7 17. Nxf5+ Bxf5 18. exd4 Rd8 19. Bb2 b4 20. Na4 Na6 21. 0-0 Kf8 22. Rfe1 Be6 23. Re4 Rac8 24. a3 bxa3 25. Bxa3+ Kg8 26. Bb2 c5 27. Nxc5 Nxc5 28. dxc5 Rxd2 29. Bd4 Bd5 30. Rg4 g6 31. Rxa7 Rd1# 0-1

[Event "Roncana op-C 11th"]
[Site "Santa Eulalia de Roncana"]
[Date "2017.10.21"]
[Round "4.9"]
[White "Melchor Sanchez, Pol"]
[Black "Prada Villagrasa, Adria"]
[Result "0-1"]
[WhiteElo "1626"]
[BlackElo "1427"]
[PlyCount "103"]
[EventDate "2017.09.23"]
[EventType "swiss"]
[EventRounds "8"]
[EventCountry "ESP"]
[SourceTitle "EXT 2024"]
[Source "ChessBase"]
[SourceDate "2023.10.10"]
[SourceVersion "1"]
[SourceVersionDate "2023.10.10"]
[SourceQuality "1"]

1. e4 e6 2. d4 d5 3. exd5 exd5 4. Nc3 Nc6 5. Nf3 Nf6 6. Bf4 Bb4 7. Bb5 Bd7 8. 0-0 0-0 9. Re1 a6 10. Ba4 b5 11. Bb3 a5 12. a3 a4 13. axb4 axb3 14. cxb3 Rxa1 15. Qxa1 Nxb4 16. Qc1 Nd3 17. Qd2 Nxe1 18. Qxe1 Re8 19. Qd2 Ne4 20. Nxe4 dxe4 21. Ne1 c6 22. Nc2 Qf6 23. h3 Qg6 24. Qe3 h6 25. g3 Bxh3 26. Kh2 Be6 27. Kg2 Qf5 28. Kf1 Qh3+ 29. Ke2 Bg4+ 30. Kd2 Qf1 31. Qe1 Qxe1+ 32. Kxe1 g5 33. Bd2 f6 34. Nb4 Rc8 35. Kf1 h5 36. Kg2 Kg7 37. Nc2 Kg6 38. Ne3 Bf3+ 39. Kh3 Rd8 40. Bc3 b4 41. Bxb4 Rxd4 42. Bc3 Rd8 43. g4 hxg4+ 44. Nxg4 Bxg4+ 45. Kxg4 f5+ 46. Kg3 Kh5 47. Be1 f4+ 48. Kh2 Kg4 49. b4 f3 50. Kg1 Rd1 51. Kf1 e3 52. fxe3 0-1